Design of concrete structures (Record no. 3628)

000 -LEADER
fixed length control field 00663nam a2200229 a 4500
001 - CONTROL NUMBER
control field 3628
003 - CONTROL NUMBER IDENTIFIER
control field BD-DhUET
008 - FIXED-LENGTH DATA ELEMENTS--GENERAL INFORMATION
fixed length control field 850621s1985 enka b 101 0 eng
020 ## - INTERNATIONAL STANDARD BOOK NUMBER
International Standard Book Number 007Y665486
040 ## - CATALOGING SOURCE
Original cataloging agency DLC
Transcribing agency DLC
Modifying agency BD-DhUET
082 00 - DEWEY DECIMAL CLASSIFICATION NUMBER
Classification number 624.183
Item number NIL/1986
100 ## - MAIN ENTRY--PERSONAL NAME
Personal name Nilson, Arthur H.
245 00 - TITLE STATEMENT
Title Design of concrete structures
Statement of responsibility, etc. by Arthur H. Nilson and George Winter
250 ## - EDITION STATEMENT
Edition statement 10th ed.
260 ## - PUBLICATION, DISTRIBUTION, ETC. (IMPRINT)
Place of publication, distribution, etc. New York:
Name of publisher, distributor, etc. McGraw Hill Book Company,
Date of publication, distribution, etc. 1986.
300 ## - PHYSICAL DESCRIPTION
Extent xi, 380 p. :
Other physical details ill. ;
Dimensions 23 cm.
490 ## - SERIES STATEMENT
Series statement Civil engineering series
504 ## - BIBLIOGRAPHY, ETC. NOTE
Bibliography, etc Includes bibliographies
650 #0 - SUBJECT ADDED ENTRY--TOPICAL TERM
Topical term or geographic name as entry element Reinforced concrete
700 ## - ADDED ENTRY--PERSONAL NAME
Personal name Winter, George
942 ## - ADDED ENTRY ELEMENTS (KOHA)
Koha item type General Book
Holdings
Lost status Koha normalized classification for sorting Date acquired Sublocation or collection (holding branch) Koha issues (times borrowed) Copy number Damaged status Koha full call number Not for loan Koha item type Koha out on loan Price effective from Koha date last seen Shelving location Location (home branch) Piece designation (barcode) Koha date last borrowed Source of classification or shelving scheme Koha renewals Withdrawn status
 624_000000000000000_183NIL19862014-11-02Central Library, BUET61 624.183/NIL/1986 General Book2027-02-232014-11-022026-02-23Circulation sectionCentral Library, BUET778732026-02-23 1 
 624_183000000000000_NIL_19861990-10-23Central Library, BUET ১০/ক-১ 624.183 NIL/1986 Rental Item 2024-12-042024-12-04Rental sectionCentral Library, BUET77816    
 624_183000000000000_NIL_19861990-10-23Central Library, BUET ১০/ক-২ 624.183 NIL/1986 Rental Item 2024-12-042024-12-04Rental sectionCentral Library, BUET77817    
 624_183000000000000_NIL_19861990-10-23Central Library, BUET ১০/ক-৩ 624.183 NIL/1986 Rental Item 2024-12-042024-12-04Rental sectionCentral Library, BUET77818    
 624_183000000000000_NIL_19861990-10-23Central Library, BUET ১০/ক-৪ 624.183 NIL/1986 Rental Item 2024-12-042024-12-04Rental sectionCentral Library, BUET77819    
 624_183000000000000_NIL_19861990-10-23Central Library, BUET ১০/ক-৫ 624.183 NIL/1986 Rental Item 2024-12-042024-12-04Rental sectionCentral Library, BUET77820    
 624_183000000000000_NIL_19861990-10-23Central Library, BUET ১০/ক-৬ 624.183 NIL/1986 Rental Item 2024-12-042024-12-04Rental sectionCentral Library, BUET77821    
 624_183000000000000_NIL_19861990-10-23Central Library, BUET ১০/ক-৭ 624.183 NIL/1986 Rental Item 2024-12-042024-12-04Rental sectionCentral Library, BUET77822    
 624_183000000000000_NIL_19861990-10-23Central Library, BUET ১০/ক-৮ 624.183 NIL/1986 Rental Item 2024-12-042024-12-04Rental sectionCentral Library, BUET77823    
 624_183000000000000_NIL_19861990-10-23Central Library, BUET ১০/ক-৯ 624.183 NIL/1986 Rental Item 2024-12-042024-12-04Rental sectionCentral Library, BUET77824    
 624_183000000000000_NIL_19861990-10-23Central Library, BUET ১০/ক-১০ 624.183 NIL/1986 Rental Item 2024-12-042024-12-04Rental sectionCentral Library, BUET77825    
 624_183000000000000_NIL_19861990-10-23Central Library, BUET ১০/ক-১১ 624.183 NIL/1986 Rental Item 2024-12-042024-12-04Rental sectionCentral Library, BUET77826    
 624_183000000000000_NIL_19861990-10-23Central Library, BUET ১০/ক-১২ 624.183 NIL/1986 Rental Item 2024-12-042024-12-04Rental sectionCentral Library, BUET77827    
 624_183000000000000_NIL_19861990-10-23Central Library, BUET ১০/ক-১৩ 624.183 NIL/1986 Rental Item 2024-12-042024-12-04Rental sectionCentral Library, BUET77828    
 624_183000000000000_NIL_19861990-10-23Central Library, BUET ১০/ক-১৪ 624.183 NIL/1986 Rental Item 2024-12-042024-12-04Rental sectionCentral Library, BUET77829    
 624_183000000000000_NIL_19861990-10-23Central Library, BUET ১০/ক-১৫ 624.183 NIL/1986 Rental Item 2024-12-042024-12-04Rental sectionCentral Library, BUET77830    
 624_183000000000000_NIL_19861990-10-23Central Library, BUET ১০/ক-১৬ 624.183 NIL/1986 Rental Item 2024-12-042024-12-04Rental sectionCentral Library, BUET77831    
 624_183000000000000_NIL_19861990-10-23Central Library, BUET ১০/ক-১৭ 624.183 NIL/1986 Rental Item 2024-12-042024-12-04Rental sectionCentral Library, BUET77832    
 624_183000000000000_NIL_19861990-10-23Central Library, BUET ১০/ক-১৮ 624.183 NIL/1986 Rental Item 2024-12-042024-12-04Rental sectionCentral Library, BUET77833    
 624_183000000000000_NIL_19861990-10-23Central Library, BUET ১০/ক-১৯ 624.183 NIL/1986 Rental Item 2024-12-042024-12-04Rental sectionCentral Library, BUET77834    
 624_183000000000000_NIL_19861990-10-23Central Library, BUET ১০/ক-২০ 624.183 NIL/1986 Rental Item 2024-12-042024-12-04Rental sectionCentral Library, BUET77835